Cadernos de processo do trabalho n. 39

Detalles Bibliográficos
Autor principal: Teixeira Filho, Manoel Antonio
Formato: eBook
Lenguaje:portugués
Publicado: San Pablo: LTR, 2021
Materias:
Acceso en línea:Acceso restringido

MARC

LEADER 00000nam a22000007a 4500
005 2022040600570.0
007 cr|||| |||
008 220406s2021 br |||||s|||| 00||0 por d
020 |a 978-65-5883-119-8 
035 |a 36026 
040 |a vLex 
090 |c 13120  |d 13120 
100 1 |a Teixeira Filho, Manoel Antonio 
245 1 0 |a Cadernos de processo do trabalho n. 39  |h [Recurso electrn̤ico] /  |c Manoel Antonio Teixeira Filho 
256 |a Servicio en ln̕ea 
260 |a San Pablo:  |b LTR,  |c 2021 
300 |a 1 recurso electrn̤ico 
500 |a Os Cadernos de Processo do Trabalho compe̳m uma excelente coleȯ̂ elaborada pelo Prof. Manoel Antonio Teixeira Filho, um dos mais destacados juristas do Pas̕. Os temas selecionados sô de grande interesse prt̀ico para magistrados, advogados, membros do Ministřio Pb︢lico, professores e acadm̊icos de Direito. A exposiȯ̂ ̌feita de maneira didt̀ica, sem prejuz̕o do aprofundamento do conted︢o. 
506 1 |a Disponible solo en los productos indicados  |d vLex Global  |d vLex Global (Academic Edition, excluding Law Schools)  |d vLex Global (U.S. Academic Edition, Law Schools)  |d vLex Global (U.S. Academic Edition, excluding Law Schools)  |d vLex Global (Academic Edition, Law Schools) 
650 0 4 |a Procedimiento Laboral  |z Brasil 
740 0 |a vLex Libros (Servicio en ln̕ea) 
856 4 0 |u https://app.vlex.com/#/sources/36026  |z Acceso restringido 
942 |c BOOK 
999 0 |a Labor Procedure